Weir and Abraham Imaging Atlas of Human Anatomy (Record no. 2046)

MARC details
000 -LEADER
fixed length control field 00377nam a22001457a 4500
008 - FIXED-LENGTH DATA ELEMENTS--GENERAL INFORMATION
fixed length control field 250303b |||||||| |||| 00| 0 eng d
020 ## - INTERNATIONAL STANDARD BOOK NUMBER
ISBN 9780702079269
100 ## - MAIN ENTRY--AUTHOR
Author Spratt Jonathan D
245 ## - TITLE STATEMENT
Title Weir and Abraham Imaging Atlas of Human Anatomy
250 ## - EDITION STATEMENT
Edition statement 6th
260 ## - PUBLICATION, DISTRIBUTION, ETC. (IMPRINT)
Place of publication United State
Name of publisher Elsevier Limited
Date of publication 2021
300 ## - COLLATION
Pagination xv,267p
942 ## - ADDED ENTRY ELEMENTS (KOHA)
Item type Books
050 ## - LIBRARY OF CONGRESS CALL NUMBER
Classification number QM25
Item number .W45
Holdings
Source of classification or shelving scheme Not for loan Permanent location Current location Date acquired Accession No. Full call number Barcode. Koha item type
Library of Congress Classification   Samuel Ogbemudia Main Library, University of Abuja Samuel Ogbemudia Main Library, University of Abuja 03/03/2025 2024/64029 QM25.W45 2025-0187 Books